| 000 | 00402nam a22001697a 4500 | ||
|---|---|---|---|
| 003 | NUST - PNEC | ||
| 005 | 20170116180829.0 | ||
| 008 | 150728b xxu||||| |||| 00| 0 eng d | ||
| 020 | _a0534366317 | ||
| 040 | _cLIBRARY | ||
| 082 | _a515 WAN | ||
| 100 |
_94497 _aWaner, Stefan |
||
| 245 |
_aApplied calculus _cStefan Waner |
||
| 250 | _a2nd ed | ||
| 650 |
_94498 _aMathematics _xME |
||
| 942 |
_2ddc _cBK |
||
| 999 |
_c63960 _d63960 |
||